00950nam a2200229 a 450000100060000000300080000600500170001400800410003103500190007204000320009104100080012308200250013110000220015624500810017826000890025930000620034849000890041050400610049965000310056071000390059183000900063020498BD-RjUL20211209000555.0771103s1964 ii af b s001 0 eng d a(BD-RjUL)20560 aIXAcIXAdCRLdBD-RjULbeng aeng 223a732.44bSIN 19641 aSivaramamurti, C.10aNoḷamba sculptures in the Madras Government Museum /cby C. Sivaramamurti. aMadras :bPrinted at India Press for the Director of Stationery and Printing,c1964. a30 p., xlv leaves of plates :bill. (some col.) ;c30 cm.1 aBulletin of the Madras Government Museum. New series, general section ;vv. 9, no. 1 aIncludes bibliographical references (p. [26]) and index. 0aSculpture, NolambazIndia.2 aGovernment Museum (Chennai, India) 0aBulletin of the Madras Government Museum. New series, general section ;vv. 9, no. 1.